Expenditure and Employment Data for the Criminal Justice System (United States): CJEE Extracts File, 1984

These criminal justice expenditure and employment (CJEE) data are taken from a special compilation of sources available from the Census Bureau's Annual Surveys of Governments, Finance Statistics and Employment Statistics. Levels of government covered are federal, state, county, municipal, and t...

Ausführliche Beschreibung

Gespeichert in:  
Bibliographische Detailangaben
Körperschaft: United States Department of Justice. Office of Justice Programs. Bureau of Justice Statistics. VerfasserIn (Verfasst von)
Medienart: Elektronisch Forschungsdaten
Sprache:Englisch
Veröffentlicht: [Erscheinungsort nicht ermittelbar] [Verlag nicht ermittelbar] 1989
In:Jahr: 1989
Online-Zugang: Volltext (kostenfrei)
Verfügbarkeit prüfen: HBZ Gateway
Schlagwörter:

MARC

LEADER 00000cam a22000002c 4500
001 1840067500
003 DE-627
005 20250707120358.0
007 cr uuu---uuuuu
008 230324s1989 xx |||||o 00| ||eng c
024 7 |a 10.3886/ICPSR09162.v2  |2 doi 
035 |a (DE-627)1840067500 
035 |a (DE-599)KXP1840067500 
040 |a DE-627  |b ger  |c DE-627  |e rda 
041 |a eng 
084 |a 2,1  |2 ssgn 
110 2 |a United States Department of Justice. Office of Justice Programs. Bureau of Justice Statistics  |e VerfasserIn  |4 aut 
245 1 0 |a Expenditure and Employment Data for the Criminal Justice System (United States): CJEE Extracts File, 1984 
264 1 |a [Erscheinungsort nicht ermittelbar]  |b [Verlag nicht ermittelbar]  |c 1989 
336 |a Text  |b txt  |2 rdacontent 
337 |a Computermedien  |b c  |2 rdamedia 
338 |a Online-Ressource  |b cr  |2 rdacarrier 
520 |a These criminal justice expenditure and employment (CJEE) data are taken from a special compilation of sources available from the Census Bureau's Annual Surveys of Governments, Finance Statistics and Employment Statistics. Levels of government covered are federal, state, county, municipal, and towns and townships. Information is included on total employment, total police protection, police protection with arrest powers, other police protection, judicial-legal employment, corrections employment, total expenditures, police protection expenditures, judicial-legal expenditures, and corrections expenditures. Types of expenditures include direct current, capital outlay, equipment, and intergovernmental. Types of employment include total, full-time, part-time, and full-time equivalent. 
540 |a ICPSR Terms of Use 
650 4 |a Correctional System 
650 4 |a CRIMINAL justice system 
650 4 |a Employment 
650 4 |a federal government 
650 4 |a full-time employment 
650 4 |a government expenditures 
650 4 |a Law Enforcement 
650 4 |a Local Government 
650 4 |a part-time employment 
650 4 |a state government 
650 4 |a wages and salaries 
655 7 |a Forschungsdaten  |0 (DE-588)1098579690  |0 (DE-627)857755366  |0 (DE-576)469182156  |2 gnd-content 
787 0 8 |i Forschungsdaten zu  |a Stucky, Thomas D.  |t A bigger piece of the pie? State corrections spending and the politics of social order  |d 2007  |w (DE-627)1912468085 
787 0 8 |i Forschungsdaten zu  |a Lott, John R., 1958 -   |t Crime, deterrence, and right-to-carry concealed handguns  |d 1997  |w (DE-627)1912497743 
787 0 8 |i Forschungsdaten zu  |a Rubin, Paul H., 1942 - 2024  |t The effect of concealed handgun laws on crime: Beyond the dummy variables  |d 2003  |w (DE-627)1912528193 
787 0 8 |i Forschungsdaten zu  |t Justice expenditure and employment extracts: 1984, 1985, and 1986  |d [Erscheinungsort nicht ermittelbar] : United States Bureau of Justice Statistics, 1991  |w (DE-627)1912602199 
787 0 8 |i Forschungsdaten zu  |t Justice Expenditure -- Direct and Intergovenmental -- by Activity and Level of Government  |d [Erscheinungsort nicht ermittelbar] : United States Department of Commerce, Bureau of the Census, 2002  |w (DE-627)1912602431 
787 0 8 |i Forschungsdaten zu  |t Justice Expenditure -- Direct and Intergovernmental -- By Level of Government  |d [Erscheinungsort nicht ermittelbar] : United States Department of Commerce, Bureau of the Census, 2002  |w (DE-627)191260244X 
787 0 8 |i Forschungsdaten zu  |t Justice Expenditure -- Direct -- By Activity and Level of Government  |d [Erscheinungsort nicht ermittelbar] : United States Department of Commerce, Bureau of the Census, 2002  |w (DE-627)1912602458 
787 0 8 |i Forschungsdaten zu  |t Justice Expenditure -- Direct -- by Level of Government  |d [Erscheinungsort nicht ermittelbar] : United States Department of Commerce, Bureau of the Census, 2002  |w (DE-627)1912602466 
787 0 8 |i Forschungsdaten zu  |t Justice Expenditure (Per Capita) -- Direct -- by Activity and Level of Government  |d [Erscheinungsort nicht ermittelbar] : United States Department of Commerce, Bureau of the Census, 2001  |w (DE-627)1912602474 
787 0 8 |i Forschungsdaten zu  |a Boettke, Peter J., 1960 -   |t Re-evaluating community policing in a polycentric system  |d 2016  |w (DE-627)1912680459 
787 0 8 |i Forschungsdaten zu  |a Davies, Heather J.  |t Understanding Variations in Murder Clearance Rates: The Influence of the Political Environment  |d [Erscheinungsort nicht ermittelbar] : American University, 2003  |w (DE-627)1912734443 
856 4 0 |u https://doi.org/10.3886/ICPSR09162.v2  |x Resolving-System  |z kostenfrei  |3 Volltext  |7 0 
935 |a mkri 
951 |a BO 
ELC |a 1 
LOK |0 000 xxxxxcx a22 zn 4500 
LOK |0 001 4296815369 
LOK |0 003 DE-627 
LOK |0 004 1840067500 
LOK |0 005 20230324125340 
LOK |0 008 230324||||||||||||||||ger||||||| 
LOK |0 035   |a (DE-2619)ICPSR9162 
LOK |0 040   |a DE-2619  |c DE-627  |d DE-2619 
LOK |0 092   |o n 
LOK |0 852   |a DE-2619 
LOK |0 852 1  |9 00 
LOK |0 935   |a foda  |a nacj 
LOK |0 939   |a 24-03-23  |b l01 
OAS |a 1 
ORI |a SA-MARC-krimdoka001.raw